000 01988cam a22004577a 4500
003 CHAP
005 20220817043444.0
008 980616d1997 mx a r 00110 eng d
010 _a75773
011 _a76745
020 _a9686923799
035 _a86333
040 _cCHAP
082 0 4 _a633.15063
_bM5
100 0 0 _aMihm, John A.
_eed.
_975629
245 1 0 _aInsect resistant maize recent advances and utilization :
_bproceedings of an International Symposium
_c/ed. by John A. Mihm
260 _aMéxico, D. F. :
_bCentro Internacional de Mejoramiento de Maíz y Trigo,
_c1997.
300 _a302 p. :
_bilus.
500 _aSupl. Chiang, H. C. The International Working Group Ostrinia (IWGO) : its past, present, and future. México, D. F. : Centro Internacional de Mejoramiento de Maíz y Trigo, 1997?. 8 p.
590 _aBATCH-UPD
_b10
_c20130110
_lUCH01
_h0242
590 _aBATCH-UPD
_b10
_c20130110
_lUCH01
_h1843
590 _aBATCH-UPD
_b10
_c20130409
_lUCH01
_h2309
590 _aBATCH-UPD
_b10
_c20130410
_lUCH01
_h1351
590 _aBATCH-UPD
_b10
_c20130914
_lUCH01
_h0921
590 _aCONVERSION
_b10
_c20130109
_lUCH01
_h1341
650 1 4 _aControl de plagas.
_927595
650 1 4 _aMaíz
_xCongresos.
_970909
650 1 4 _aMaíz
_xPlagas.
_971034
650 1 4 _aMaíz
_xVariedades resistentes a plagas.
_971083
650 1 4 _aMaíz
_xVariedades.
_971081
700 0 _aChiang, H. C.
_922222
710 0 _aCentro Internacional de Mejoramiento de Maíz y Trigo.
901 _aBK
905 _aLilia Sánchez G.
942 _cLIBRO
949 _a633.15063 M5 supl.
_bBC
_cESP
_d863331
_eESP
_h93611
_i86333
_kDonaciØn
_sb
949 _a633.15063 M5
_bBC
_cLIBRO
_d33724000690962
_eLIBRO
_fc.2
_h92581
_i86333
_kDonaciØn
_sb
949 _a633.15063 M5
_bBC
_cLIBRO
_d33724000690970
_eLIBRO
_h92580
_i86333
_kDonaciØn
_sb
949 _a633.15063 M5
_bBC
_cLIBRO
_d33724000711339
_eLIBRO
_fc.4
_h94536
_i86333
_sb
949 _a633.15063 M5
_bBC
_cLIBRO
_d33724000713145
_eLIBRO
_fc.3
_h92209
_i86333
_kDonaciØn
_sb
999 _c75773
_d75773